000 00434nam a2200169Ia 4500
001 13011
005 20260306163022.0
008 260306t9999||||xx |||||||||||||| ||spa||
041 _aESP
082 _aRD 657.03
_bD69D
100 _aDías Mosto, Jorge
_eAUT
245 0 _aDiccionario y manual de contabilidad y administración
300 _a286 páginas :
_c21 cm.
650 _aGEN
654 _aCCO
942 _cDIC
_dJUS
_fJUS
_2ddc
_n
999 _c13011
_d13011